000 00680nam a22002057a 4500
999 _c157945
_d157945
005 20181011144606.0
010 _aENG-124239
020 _a9789353062514
_c529.00
035 _aEN-107771
037 _bDBAD/PUB
082 _a512.5
100 _aSivaramakrishna Das P.
245 _aLinear algebra and partial differential equations /
_cby P. Sivaramakrishna Das [and] C. Vijayakumari
260 _aNoida
_bPearson
_c2018
270 _a15th Floor, Tower B, Worls Trade Tower, Plot No.1, Block -C
_bNoida (UP)
_e201301
300 _avarious paging
_c25cm.(pbk)
500 _aIt includes index
700 _aVijayakumari C.
942 _2ddc
_cEN
_h512.5
_mSIV